The essence of Buddha ; (Record no. 38930)

MARC details
000 -LEADER
fixed length control field 00777nam a22002417a 4500
005 - DATE AND TIME OF LATEST TRANSACTION
control field 2010080205235.0
010 ## - LCCN (DPL NO)
LC control number ENG-97915
020 ## - INTERNATIONAL STANDARD BOOK NUMBER
International Standard Book Number 9788179927861
Terms of availability 195.00
035 ## - SYSTEM CONTROL NUMBER
System control number EN-81448
037 ## - SOURCE OF ACQUISITION
Source of stock number/acquisition DBAD/PUB
082 ## - DEWEY DECIMAL CLASSIFICATION NUMBER
Classification number 250
100 ## - MAIN ENTRY--PERSONAL NAME
Personal name Okawa, Ryuho
245 ## - TITLE STATEMENT
Title The essence of Buddha ;
Statement of responsibility, etc by Ryuho Okawa
Remainder of title the path to enlightenment /
260 ## - PUBLICATION, DISTRIBUTION, ETC. (IMPRINT)
Place of publication, distribution, etc Mumbai
Date of publication, distribution, etc 2008
Name of publisher, distributor, etc Jaico Pub. House
270 ## - ADDRESS
Address 121 Matma Gandhi Road
City Mumbai
Postal code 400001
300 ## - PHYSICAL DESCRIPTION
Extent 201 p.
Dimensions 24cm (Pbk)
650 ## - SUBJECT ADDED ENTRY--TOPICAL TERM
Topical term or geographic name as entry element Spiritual life-Buddhism
650 ## - SUBJECT ADDED ENTRY--TOPICAL TERM
Topical term or geographic name as entry element Gauthama Buddha
650 ## - SUBJECT ADDED ENTRY--TOPICAL TERM
Topical term or geographic name as entry element Buddhism decorism
700 ## - ADDED ENTRY--PERSONAL NAME
9 (RLIN) 4162
942 ## - ADDED ENTRY ELEMENTS (KOHA)
Source of classification or shelving scheme Dewey Decimal Classification
Item type English Books
Classification part 250
Call number suffix OKA
Holdings
Withdrawn status Lost status Not for loan Collection code Home library Current library Date acquired Cost, normal purchase price Full call number Barcode Copy number Cost, replacement price Koha item type
    Not For Loan Non-fiction D.B.Act.Division D.B.Act.Division 03/08/2010 195.00 250 OKA EN-81448 1 195.00 English Books

© Delhi Public Library
Hit Counter
free hit counter